Quizzes
Events
Quiz Creation
Community
Videos
Private Events
Remove Ads
Sign In
Join for FREE
Feedback
Dark Mode
Quiz Categories
Sports
Geography
Music
Movies
Television
Just For Fun
Miscellaneous
History
Literature
Language
Science
Gaming
Entertainment
Religion
Holiday
For Kids
Quiz Lab
Recent
Popular Today
Quiz Kudos Today
Editor Picks
Curator Picks
Quizzes by...
Day
Popularity
Type
Ratings
Length
Year
Community
Subscriptions
Recent Discussions
Orange Saloon
Badges
Playlists
Quests
Create
Leaderboards
Showdown
Live 5
Trivia Bingo
Activity
Puzzle Library
Sporcle Events
Private Events
Virtual Trivia
Globe League
Become a Host
Pub Owners
SporcleCon
Opinionation
Our Games
Videos
Blog
Mobile Apps
Partnerships
Remove Ads and Go Orange
Feedback
Literature
Harry Potter
A Song of Ice and Fire
The Hunger Games
Literary Character
Shakespeare
Book
Author
Novel
Poem
Young Adult
Children's Books
Play
Lord of the Rings
Literature
Harry Potter
A Song of Ice and Fire
The Hunger Games
Literary Character
Shakespeare
Book
Author
Novel
Poem
Young Adult
Children's Books
Play
Lord of the Rings
Random Quiz
Search Sporcle
×
Quiz Lab
Quiz Lab
Literature
Mother Goose
Type in answers that appear in a list
Type in answers that appear in a list
Classic
Best Score? Go Orange.
A-Tisket, A-Tasket Stats
Can you name words from A-Tisket, A-Tasket?
By
gingerlover
2m
48 Questions
363 Plays
363 Plays
363 Plays
Comments
Comments
Give Quiz Kudos
Give Quiz Kudos
-
- Ratings
hide this ad
More Info
Replay
Link that replays current quiz
Next Quiz
Link to next quiz in quiz playlist
You Got
0%
They Got
Avg Score
58%
Avg Friend Score
Upgrade to see
Score Distribution
Jump to the score distribution portion of the page
Score
0/48
Timer
02:00
0
Plays Today
Word
% Correct
a
98.6%
A
98.1%
A
98.1%
a
98.1%
a
98.1%
Tisket
95.5%
Tasket
94.7%
basket
89.1%
and
77.7%
I
73.8%
and
73.8%
I
73.8%
I
73.8%
I
73.8%
and
73.8%
I
73.8%
and
73.8%
yellow
69.4%
green
64.6%
the
61.8%
the
61.8%
to
54.9%
it
54.3%
it
54.3%
Word
% Correct
it
54.3%
it
54.3%
it
54.3%
it
54.3%
my
52.1%
on
50.7%
on
50.7%
way
44%
way
44%
in
43.5%
dropped
39.3%
dropped
39.3%
dropped
39.3%
dropped
39.3%
letter
38.2%
wrote
36.5%
love
33.1%
put
31.5%
little
30.6%
up
27.9%
his
27.9%
boy
26.2%
pocket
25.1%
picked
24.8%
Quiz Playlist
Details
Report
Send in Message
Add To Playlist
More Info:
Based on the 1879 version from Mother Goose
Classic:
Type in answers that appear in a list
Quiz Source
Last Updated: Aug 4, 2017
Quiz Scoreboard
CHALLENGE
Sign Up to Join the Scoreboard
Show All
Scores
Hide
Comments
May contain spoilers
Recently Published
Movies - When Are They Set?
by FPL_Elf
Movies
5m
Popular People in 1961
by mucciniale
History
6m
1-10 Letter E Words III
by El_Dandy
Language
2m
More to Explore
Quiz From the Vault
Featured Blog Post
Where Did the Easter Bunny Come From?
hide this ad
You Might Also Like...
Tags
Mother Goose
Nursery Rhyme
Today's Top Quizzes in Literature
Browse Literature
hide this ad
Today's Top Quizzes in Mother Goose
Browse Mother Goose
Top Contributed Quizzes in Literature
1
Sneaky Slytherin Logic Puzzle
2
One Thing in Common: Literature
3
Get The Picture: Black or White Literature
4
Weasley Family Reunion: Logic Puzzle
5
One Thing in Common: Literature II
6
Harry Potter Neighbourly Logic Puzzle #5
7
Lily Potter Start to Finish
8
One Thing in Common: Literature 3
9
One Thing in Common: Books
10
ASOIAF Logic Puzzle [Difficult] [Read Note first!!]
Explore More
Trending Topics
Harry Potter
Kpop
Disney
NBA
Anime
Crossword
Marvel
Puzzle
WWE
NFL
The Office
Soccer
Song
Pokémon
Country
hide this ad
More By:
gingerlover
Quiz
Plays
Rating
Category
Featured
Created
Movies by Last Name
107,611
4.69
Movies
Jan 23, 2018
Movies by Last Name II
78,914
4.72
Movies
Jan 23, 2018
Which Mario Game?
77,594
4.70
Gaming
Jun 6, 2018
Movies by Last Name III
58,561
4.46
Movies
Mar 3, 2018
Character Ice Cream
58,089
4.60
Miscellaneous
May 5, 2017
Go to Creator's Profile
Score Distribution
Quiz Creator Spotlight
gingerlover
Follow
Send a Message
Quizzes Created
-
Created Quiz Play Count
-
More By This Creator
Popular Quizzes Today
1
Find the US States - No Outlines Minefield
2
Find the Countries of Europe - No Outlines Minefield
3
The Countries of the World
4
Popular People in 1961
5
1-10 Letter E Words III
6
US States
7
Find the US States
8
One Thing in Common: World Cities II
More Literature Quizzes
Harry Potter Top 200 Blitz
Editor's Pick
Trending Quizzes
Risky Map Clicking: Least Populous States A-Z
1-10 Letter F Words
1-10 Letter G Words
One Thing in Common: United Kingdom
Risky Map Clicking: Next State Alphabetically
Recently Updated
Leaping Animals
pecheneg
Reality TV Shows (A-Z)
bhenderson79
Rickey Henderson's Hall of Fame Teammates
pecheneg
Champions League XIs: Arsenal
pecheneg
Quick Pick: Celebrities in WWE's Hall of Fame
aduchscher
A-Z Keypad Blitz II
pecheneg
Multiple Oscar Actors
pecheneg
Mystery Phrase Blitz: Oscar 'Best Actors'
pecheneg
F. Scott Fitzgerald Novels
LTH
Pick 3 Villains
ddd62291
Trending Topics
Crossword
Harry Potter
Marvel
NBA
Anime
Kpop
Disney
WWE
The Office
NFL
Pokémon
Puzzle
Soccer
Country
Song
Your Account Isn't Verified!
In order to create a playlist on Sporcle, you need to verify the email address you used during registration. Go to your
Sporcle Settings
to finish the process.
Report this User
Report this user for behavior that violates our
Community Guidelines
.
Details:
Send Report
Go to the Sporcle.com Mobile Site →
Comments